Obálka Náhled e-knihy:
PDF Epub
Pro půjčování e-knih musíte být přihlášeni.
Jak si půjčit online?

Emočný tréning /

Pracovať na svojej fyzickej kondícii je pre nás samozrejmé, ale pokiaľ ide o emocionálne zdravie, mnohí z nás ho nechávajú na náhodu. Čo keby sme mohli vytrénovať aj svoju myseľ a dosiahnuť tak spokojnosť a úspech? To je prísľub knihy Emočný tréning, ktorá vás krok za krokom prevedie rozvojom siedmi...

Celý popis

Uloženo v:
Hlavní autor: Anhalt, Emily (Autor)
Médium: E-kniha
Jazyk:Czech
Vydáno: Praha : Albatros Media Slovakia s.r.o., 2025
Tagy:
Žádné tagy
LEADER 01445nam a22002297i 4500
001 302729
007 ta
008 260514s2025 xr ||||| |||| 00| 0 cze d
020 |a 9788056649589 
044 |a xr 
100 1 |a  Anhalt, Emily  |4 aut 
245 1 0 |a Emočný tréning /  |c  Anhalt, Emily 
240 1 0 |a Flex Your Feelings 
264 1 |a Praha :  |b Albatros Media Slovakia s.r.o.,  |c 2025 
300 |a 1 online zdroj (304 stran) 
336 |a text  |b txt  |2 rdacontent 
337 |a bez média  |b n  |2 rdamedia 
338 |a online zdroj  |b cr  |2 rdacarrier 
520 2 |a Pracovať na svojej fyzickej kondícii je pre nás samozrejmé, ale pokiaľ ide o emocionálne zdravie, mnohí z nás ho nechávajú na náhodu. Čo keby sme mohli vytrénovať aj svoju myseľ a dosiahnuť tak spokojnosť a úspech? To je prísľub knihy Emočný tréning, ktorá vás krok za krokom prevedie rozvojom siedmich základných vlastností emocionálnej zdatnosti potrebných na to, aby ste sa stali lepšími lídrami, podnikateľmi a ľuďmi. 
910 |a RBIT002 
998 |d 426986  |a https://core.palmknihy.cz/api/books/426986/cover?tesgid  |b https://core.palmknihy.cz/api/books/426986/cover/400?tesgid  |c https://core.palmknihy.cz/api/books/426986/cover/50?tesgid  |e 2029-10-29  |g 304  |i 9788056649589  |j https://core.palmknihy.cz/api/books/426986/preview.epub  |k https://core.palmknihy.cz/api/books/426986/preview.pdf  |l   |q 49  |r 1  |s https://www.palmknihy.cz/kniha/426986  |t ebook  |y 2025  |z 1 
999 |d 302727